Welcome to CU Library Online Public Access Catalogue (OPAC)

A Textbook of Engineering Drawing (Record no. 8416)

MARC details
000 -LEADER
fixed length control field 00541nam a22001577a 4500
005 - DATE AND TIME OF LATEST TRANSACTION
control field 20251128144303.0
008 - FIXED-LENGTH DATA ELEMENTS--GENERAL INFORMATION
fixed length control field 251128b |||||||| |||| 00| 0 eng d
020 ## - INTERNATIONAL STANDARD BOOK NUMBER
International Standard Book Number 9788121914314
050 ## - LIBRARY OF CONGRESS CALL NUMBER
Classification number TA175 DHA
100 ## - MAIN ENTRY--PERSONAL NAME
Personal name Dhawan, R. K.
245 ## - TITLE STATEMENT
Title A Textbook of Engineering Drawing
Remainder of title including geometrical drawing & computer aided drafting in first angle projection
Statement of responsibility, etc. R. K. Dhawan
250 ## - EDITION STATEMENT
Remainder of edition statement multicolour & revised edition
260 ## - PUBLICATION, DISTRIBUTION, ETC.
Place of publication, distribution, etc. New Delhi
Name of publisher, distributor, etc. S. Chand & Company Limited
Date of publication, distribution, etc. 2009
300 ## - PHYSICAL DESCRIPTION
Extent xii. 660p.
Other physical details ill.
Dimensions 24cm
942 ## - ADDED ENTRY ELEMENTS (KOHA)
Source of classification or shelving scheme Library of Congress Classification
Koha item type Books
Suppress in OPAC No
999 ## -
-- 8416
-- 8416
Holdings
Withdrawn status Lost status Source of classification or shelving scheme Damaged status Not for loan Collection Home library Current library Shelving location Date acquired Total checkouts Full call number Barcode Date last seen Copy number Price effective from Koha item type
    Library of Congress Classification     Non-fiction Science Library (Miotso) Science Library (Miotso) General stacks 11/28/2025   TA175 DHA SLM00006332 11/28/2025 1 11/28/2025 Books
    Library of Congress Classification     Non-fiction Science Library (Miotso) Science Library (Miotso) General stacks 11/28/2025   TA175 DHA SLM00006333 11/28/2025 2 11/28/2025 Books
© 2023-2024 Copyright: Central University Libraries. All Rights Reserved | Created by: Mahone Tech Office